Taekwondo Trivia - Statistics

General Stats
  • This quiz has been taken 408 times
    292 since last reset
  • The average score is 6 of 8
Answer Stats
Hint Answer % Correct
In what country does Taekwondo originate from? Korea
100%
Which Dan (Black Belt grade) is the pattern for Poomsae Koryo? 1st Dan
79%
Which Dan (Black Belt grade) is the pattern for Poomsae Sipjin? 5th Dan
78%
Which Dan (Black Belt grade) is the pattern for Poomsae Hansu? 8th Dan
78%
According to Kukkiwon, what Dan (Black Belt grade) do you have to be to attain Grandmaster status? 9th Dan
78%
What is the name of standard Taekwondo uniform? Dobok
68%
What are patterns referred to as? Poomsae
60%
What is the name of a standard set of poomsae for coloured belts? Taegeuk
33%
No matching quizzes found
Score Distribution
Percent of People with Each Score
Percentile by Number Answered
Your Score History
You have not taken this quiz since the last reset